| Tag |
First Indicator |
Second Indicator |
Subfields |
| LEADER |
00000cam a2200000 4500 |
| 001 |
in00001178490 |
| 005 |
20151001090922.0 |
| 008 |
810109s1935 maucf 000 0aeng |
| 010 |
|
|
|a 35019709
|
| 035 |
|
|
|a (OCoLC)07055550
|
| 035 |
|
|
|9 AGG0589AM
|
| 040 |
|
|
|a DLC
|c ZYU
|d TXA
|d UtOrBLW
|
| 049 |
|
|
|a TXAM
|
| 050 |
0 |
0 |
|a DA565.H75
|b A3
|
| 082 |
0 |
|
|a 923.242
|
| 090 |
|
|
|a DA565.H75
|b A3 1935
|
| 100 |
1 |
|
|a Howard, Esme William Howard,
|c baron,
|d 1863-
|
| 245 |
1 |
0 |
|a Theatre of life, 1863-1905 /
|c Esme Howard, lord Howard of Penrith.
|
| 264 |
|
1 |
|a Boston :
|b Little, Brown, and company,
|c 1935.
|
| 300 |
|
|
|a 336 pages :
|b including frontispiece plates, portraits ;
|c 23 cm.
|
| 336 |
|
|
|a text
|b txt
|2 rdacontent
|
| 337 |
|
|
|a unmediated
|b n
|2 rdamedia
|
| 338 |
|
|
|a volume
|b nc
|2 rdacarrier
|
| 500 |
|
|
|a Autobiography.
|
| 500 |
|
|
|a Includes index.
|
| 650 |
|
0 |
|a Diplomats
|v Correspondence.
|
| 999 |
|
|
|a MARS
|
| 999 |
f |
f |
|s a42480b5-2dcf-36c8-a2f0-bb5201eedfa0
|i 015f023c-c7d2-3103-994c-e58cc4dfee65
|t 0
|
| 952 |
f |
f |
|p ric
|a Texas A&M University
|b Rellis Campus
|c Joint Library Facility
|d Remote Storage
|t 0
|e DA565.H75 A3 1935
|h Library of Congress classification
|i unmediated -- volume
|m A14818470127
|
| 998 |
f |
f |
|a DA565.H75 A3 1935
|t 0
|l Remote Storage
|